| 000 | 01528nam a2200265 4500 | ||
|---|---|---|---|
| 001 | 113816 | ||
| 003 | DR-UNIBE | ||
| 005 | 20250709090629.0 | ||
| 008 | 250702b2017 dr ||||| |||| 00| 0 spa d | ||
| 020 | _a9789945468670 | ||
| 040 |
_aBIBLIOTECA UNIBE _bspa _cBIBLIOTECA UNIBE _erda |
||
| 041 | _aspa | ||
| 082 |
_222 _aRD RD 707 R457e |
||
| 100 | 1 | 0 |
_aReyes, Juana _9196881 _eautor |
| 245 | 1 | 0 |
_aEducación artística 2 / _cJuana Reyes |
| 260 |
_aSanto Domingo : _bMinsiterio de Educación (MINERD), _c2017 |
||
| 300 |
_a158 páginas : _bilustraciones a color ; _c27 x 21 cm |
||
| 500 | _aSe leen los nombre de los colabores pertenecientes a la Dirección de Medios Educativos en la contraportada principal | ||
| 505 | _aPresentación | Introducción | Unidad 1. Nos rodean los sonidos | Unidad 2. Me gusta jugar y cantar | Unidad 3. De fiesta con mis amigos | Unidad 4. Yo quiero ser ... | Unidad 5. Calle, callecita | Unidad 6. Mi patria, mi bandera | Unidad 7. Alegría de colores | Unidad 8. Celebro el carnaval | Unidad 9. Me gustan las frutas | Unidad 10. Te quiero proteger | Unidad 11. Animales especiales | Unidad 12. Llegaron las vacaciones | Unidad 13. Fantasía de todos los días | ||
| 650 | 7 |
_2lemb _a Arte _xEnseñanza _xEducación primaria _zRepública Dominicana _9197193 |
|
| 700 | 1 | 0 |
_aMolinaza, José _995643 _ecoordinador |
| 700 | 1 | 0 |
_aCamejo, Marcia José _9196875 _ediseñador _ediagramador _ediseñador de portada |
| 700 | 1 | 0 |
_aSuárez, Francisco _9196882 _eilustrador |
| 942 |
_2ddc _cBK |
||
| 999 |
_c113816 _d113816 |
||